[Event "Plzen A1 12th"]
[Site "Plzen"]
[Date "2024.02.19"]
[Round "3"]
[White "Lundin, Jan"]
[Black "Petr, Martin"]
[Result "0-1"]
[WhiteElo "2238"]
[BlackElo "2469"]
[PlyCount "62"]
[EventDate "2024.02.17"]
[EventType "tourn"]
[EventRounds "9"]
[EventCountry "CZE"]
[EventCategory "1"]
[SourceTitle "CB09_2024"]
[SourceDate "2024.02.28"]
[SourceVersion "1"]
[SourceVersionDate "2024.02.28"]
[SourceQuality "1"]

1. e4 c5 2. c3 Nf6 3. e5 Nd5 4. d4 cxd4 5. Qxd4 e6 6. Nf3 Nc6 7. Qe4 f5 8. Qe2 Qc7 9. g3 b5 10. Bg2 a5 11. 0-0 Ba6 12. Nh4 Nde7 13. Re1 g6 14. Bg5 Bg7 15. Bf6 Kf7 16. Bxg7 Kxg7 17. Nf3 h6 18. h4 b4 19. c4 g5 20. hxg5 hxg5 21. Qe3 f4 22. Qe4 fxg3 23. Nbd2 gxf2+ 24. Kxf2 Raf8 25. Rh1 Rf4 26. Rxh8 Rxe4 27. Nxe4 Kxh8 28. Rh1+ Kg7 29. Nf6 Qa7+ 30. Kg3 Nf5+ 31. Kg4 Nxe5+ 0-1

[Event "Belgrade Radnicki IM 12"]
[Site "Belgrade"]
[Date "2023.12.08"]
[Round "5"]
[White "Saypuri, Srithan"]
[Black "Lundin, Jan"]
[Result "1/2-1/2"]
[WhiteElo "2145"]
[BlackElo "2202"]
[PlyCount "20"]
[EventDate "2023.12.04"]
[EventType "tourn"]
[EventRounds "9"]
[EventCountry "SRB"]
[SourceTitle "CB51_2023"]
[SourceDate "2023.12.20"]
[SourceVersion "1"]
[SourceVersionDate "2023.12.20"]
[SourceQuality "1"]

1. e4 c6 2. d4 d5 3. Nc3 dxe4 4. Nxe4 Bf5 5. Qf3 Bxe4 6. Qxe4 Nf6 7. Qd3 e6 8. Nf3 Nbd7 9. Be2 Bd6 10. 0-0 0-0 1/2-1/2

[Event "Chigorin Memorial 30th"]
[Site "St Petersburg"]
[Date "2023.10.28"]
[Round "8"]
[White "Isakova, Anna"]
[Black "Lundin, Jan"]
[Result "0-1"]
[WhiteElo "1642"]
[BlackElo "2250"]
[PlyCount "86"]
[EventDate "2023.10.21"]
[EventType "swiss"]
[EventRounds "9"]
[EventCountry "RUS"]
[SourceTitle "Mega2024 Update 01"]
[Source "Chessbase"]
[SourceDate "2023.11.12"]
[SourceVersion "1"]
[SourceVersionDate "2023.11.12"]
[SourceQuality "1"]

1. c4 f5 2. d4 e6 3. Nc3 Nf6 4. Nf3 d5 5. Bf4 c6 6. e3 Be7 7. Bd3 0-0 8. 0-0 Ne4 9. Ne5 g5 10. Bg3 Nxg3 11. fxg3 Nd7 12. Nxd7 Bxd7 13. g4 dxc4 14. Bxc4 b5 15. Bb3 Kg7 16. e4 f4 17. e5 Qb6 18. Qd3 Rad8 19. Rf3 Be8 20. Rd1 c5 21. Rh3 Rh8 22. Qe2 c4 23. Bc2 Rxd4 24. Kh1 Qc5 25. Rf3 Bc6 26. Rff1 Rhd8 27. Rxd4 Rxd4 28. Re1 Bd8 29. h4 h6 30. Nb1 Ba5 31. Rf1 Qd5 32. hxg5 hxg5 33. Rf3 Be8 34. Rh3 Bg6 35. Bxg6 Kxg6 36. Qc2+ Qe4 37. Qxe4+ Rxe4 38. Nc3 Bxc3 39. Rxc3 Rxe5 40. a4 a6 41. axb5 axb5 42. Rc2 Re4 43. Kh2 e5 0-1

[Event "Chigorin Memorial 30th"]
[Site "St Petersburg"]
[Date "2023.10.27"]
[Round "7"]
[White "Lundin, Jan"]
[Black "Afanasieva, Maria"]
[Result "1-0"]
[WhiteElo "2250"]
[BlackElo "1678"]
[PlyCount "87"]
[EventDate "2023.10.21"]
[EventType "swiss"]
[EventRounds "9"]
[EventCountry "RUS"]
[SourceTitle "Mega2024 Update 01"]
[Source "Chessbase"]
[SourceDate "2023.11.12"]
[SourceVersion "1"]
[SourceVersionDate "2023.11.12"]
[SourceQuality "1"]

1. e4 c6 2. d4 d5 3. exd5 cxd5 4. Bf4 Nc6 5. c3 Nf6 6. Nd2 g6 7. Be2 Bg7 8. h3 0-0 9. Ngf3 a6 10. a4 Re8 11. 0-0 Ne4 12. Re1 Qb6 13. Qb3 Qxb3 14. Nxb3 e5 15. Nxe5 Nxe5 16. Bxe5 Bxe5 17. dxe5 Rxe5 18. Bd3 Re6 19. Bxe4 Rxe4 20. Rxe4 dxe4 21. Nc5 e3 22. fxe3 b6 23. Nb3 Bd7 24. a5 b5 25. Nc5 Bc6 26. Rd1 b4 27. cxb4 Bb5 28. Rd6 Kf8 29. e4 Ke7 30. e5 Ra7 31. Kf2 Ra8 32. h4 Rc8 33. g3 Rf8 34. Ke3 f6 35. Re6+ Kd8 36. Rxf6 Re8 37. Kd4 Kc7 38. Nxa6+ Bxa6 39. Rxa6 Rd8+ 40. Rd6 Rf8 41. b5 Rf2 42. b6+ Kc8 43. b4 Rg2 44. a6 1-0

[Event "St Petersburg Korchnoi Memorial op"]
[Site "St Petersburg"]
[Date "2023.08.24"]
[Round "9"]
[White "Lundin, Jan"]
[Black "Temirbekov, Taimaz"]
[Result "1/2-1/2"]
[WhiteElo "2255"]
[BlackElo "2106"]
[PlyCount "99"]
[EventDate "2023.08.18"]
[EventType "swiss"]
[EventRounds "9"]
[EventCountry "RUS"]
[SourceTitle "EXT 2024"]
[Source "ChessBase"]
[SourceDate "2023.10.10"]
[SourceVersion "1"]
[SourceVersionDate "2023.10.10"]
[SourceQuality "1"]

1. c4 e5 2. Nc3 Bb4 3. e4 Nf6 4. g3 Bxc3 5. dxc3 h6 6. f3 d6 7. Nh3 a5 8. Nf2 a4 9. Be3 Be6 10. Bd3 Nc6 11. Qe2 Nd7 12. f4 f6 13. f5 Bf7 14. 0-0 Nc5 15. Bc2 0-0 16. b4 axb3 17. axb3 Qe7 18. b4 Nd7 19. Bd3 Rfc8 20. Bd2 Rxa1 21. Rxa1 Qe8 22. Qf1 Ra8 23. Ng4 Qb8 24. Ne3 Nb6 25. Nd5 Nxd5 26. cxd5 Rxa1 27. Qxa1 Qa7+ 28. Qxa7 Nxa7 29. Be3 Nc8 30. Bb5 Kf8 31. Bd7 Nb6 32. Bxb6 cxb6 33. Bc8 Be8 34. Bxb7 Bb5 35. Kf2 Bc4 36. Kf3 Ke7 37. Bc8 Bf1 38. Be6 Kf8 39. Bd7 b5 40. g4 Ke7 41. Be6 Kf8 42. h4 Bd3 43. Bd7 Ke7 44. Bc6 Kd8 45. Bb7 Kc7 46. Bc6 Kd8 47. Bb7 Kc7 48. Ba6 Bc4 49. g5 Bf1 50. g6 1/2-1/2

[Event "St Petersburg Korchnoi Memorial op"]
[Site "St Petersburg"]
[Date "2023.08.23"]
[Round "8"]
[White "Kazhgaleyev, Murtas"]
[Black "Lundin, Jan"]
[Result "1-0"]
[WhiteElo "2498"]
[BlackElo "2255"]
[PlyCount "94"]
[EventDate "2023.08.18"]
[EventType "swiss"]
[EventRounds "9"]
[EventCountry "RUS"]
[SourceTitle "EXT 2024"]
[Source "ChessBase"]
[SourceDate "2023.10.10"]
[SourceVersion "1"]
[SourceVersionDate "2023.10.10"]
[SourceQuality "1"]

1. d4 Nf6 2. c4 e6 3. Nc3 Bb4 4. e3 0-0 5. a3 Bxc3+ 6. bxc3 d6 7. Ne2 e5 8. Ng3 Re8 9. f3 Nc6 10. e4 h6 11. Be3 Ne7 12. Bd3 Ng6 13. Qd2 c6 14. 0-0 Qa5 15. Rae1 Be6 16. Rb1 b6 17. Kh1 Rad8 18. Ne2 Bc8 19. g4 Nh7 20. Rg1 Bb7 21. g5 exd4 22. cxd4 Qxd2 23. Bxd2 Nxg5 24. Bxg5 hxg5 25. Rxg5 Nf8 26. Kg1 Ne6 27. Rg3 f6 28. f4 c5 29. d5 Nd4 30. Nc3 Bc8 31. Kf2 Re7 32. Rbg1 Bd7 33. h4 Be8 34. a4 a6 35. Rb1 Rb8 36. Rb2 Reb7 37. Rg1 Kf8 38. Ke3 Re7 39. Rgb1 Reb7 40. e5 fxe5 41. fxe5 dxe5 42. Ne4 Rf7 43. Rxb6 Rxb6 44. Rxb6 Rf3+ 45. Kd2 Bxa4 46. Nxc5 Be8 47. d6 Rf7 1-0

[Event "Pozarevac Rudar 12th"]
[Site "Pozarevac"]
[Date "2023.05.03"]
[Round "9"]
[White "Lundin, Jan"]
[Black "Svicevic, Rastko"]
[Result "1/2-1/2"]
[WhiteElo "2245"]
[BlackElo "2160"]
[PlyCount "20"]
[EventDate "2023.04.26"]
[EventType "tourn"]
[EventRounds "9"]
[EventCountry "SRB"]
[EventCategory "2"]
[SourceTitle "CBM 214 Extra"]
[Source "ChessBase"]
[SourceDate "2023.07.31"]
[SourceVersion "1"]
[SourceVersionDate "2023.07.31"]
[SourceQuality "1"]

1. e4 c6 2. d4 d5 3. Nc3 dxe4 4. Nxe4 Nf6 5. Nxf6+ exf6 6. c3 Bd6 7. Nf3 0-0 8. Be2 Re8 9. 0-0 Bg4 10. h3 Bh5 1/2-1/2

[Event "Pozarevac Rudar 12th"]
[Site "Pozarevac"]
[Date "2023.04.26"]
[Round "1"]
[White "Lundin, Jan"]
[Black "Itgelt, Khuyagtsogt"]
[Result "0-1"]
[WhiteElo "2245"]
[BlackElo "2241"]
[PlyCount "88"]
[EventDate "2023.04.26"]
[EventType "tourn"]
[EventRounds "9"]
[EventCountry "SRB"]
[EventCategory "2"]
[SourceTitle "CBM 214 Extra"]
[Source "ChessBase"]
[SourceDate "2023.07.31"]
[SourceVersion "1"]
[SourceVersionDate "2023.07.31"]
[SourceQuality "1"]

1. d4 Nf6 2. Nf3 d5 3. Bf4 g6 4. e3 Bg7 5. Be2 c5 6. Nc3 0-0 7. Ne5 cxd4 8. exd4 Nc6 9. Qd2 Bf5 10. g4 Nxe5 11. gxf5 Nc4 12. Bxc4 dxc4 13. 0-0-0 Qa5 14. Rhe1 Qxf5 15. Rxe7 Nd5 16. Nxd5 Qxd5 17. Qe3 c3 18. Qxc3 Qxa2 19. Qa3 Qd5 20. Be5 f6 21. Bg3 Rfd8 22. Qb3 Qxb3 23. cxb3 b6 24. d5 Bf8 25. Rc7 Bd6 26. Bxd6 Rxd6 27. Kc2 Rad8 28. Rxa7 Rxd5 29. Rxd5 Rxd5 30. Rb7 b5 31. Kc3 Rf5 32. Kb4 Rxf2 33. Kxb5 Rxh2 34. Kc5 Rxb2 35. Kd5 h5 36. Ke6 Rf2 37. b4 h4 38. b5 h3 39. Rb8+ Kg7 40. Rb7+ Kh6 41. Rb8 h2 42. b6 Kg5 43. Rh8 Rb2 44. b7 Rxb7 0-1

[Event "BL2-Nord 2223"]
[Site "Germany"]
[Date "2023.02.04"]
[Round "5.8"]
[White "Weidenhoefer, Max"]
[Black "Lundin, Jan"]
[Result "1/2-1/2"]
[WhiteElo "1805"]
[BlackElo "2199"]
[PlyCount "86"]
[EventDate "2022.10.22"]
[EventType "team-tourn"]
[EventRounds "10"]
[EventCountry "GER"]
[SourceTitle "EXT 2024"]
[Source "ChessBase"]
[SourceDate "2023.10.10"]
[SourceVersion "1"]
[SourceVersionDate "2023.10.10"]
[SourceQuality "1"]
[WhiteTeam "Werder Bremen II"]
[BlackTeam "Berlin SF II"]
[WhiteTeamCountry "GER"]
[BlackTeamCountry "GER"]

1. e4 c5 2. Nf3 e6 3. d4 cxd4 4. Nxd4 Nf6 5. Nc3 d6 6. Be3 Be7 7. f3 h5 8. Qd2 a6 9. 0-0-0 b5 10. Bd3 Bb7 11. g3 Nbd7 12. h3 Nc5 13. g4 Nfd7 14. Rhg1 g6 15. Kb1 Ne5 16. f4 Nexd3 17. cxd3 hxg4 18. hxg4 Qd7 19. Rc1 b4 20. Nce2 a5 21. Rcf1 0-0-0 22. Nc1 Ba6 23. Ndb3 Qb5 24. Rd1 Rh3 25. Nd4 Qb7 26. Rh1 Rdh8 27. Rxh3 Rxh3 28. Ndb3 Nxe4 29. Qc2+ Qc7 30. Bb6 Qxc2+ 31. Kxc2 Rh2+ 32. Nd2 Nxd2 33. Rxd2 Rxd2+ 34. Kxd2 a4 35. Ne2 Kd7 36. Ba5 d5 37. Nd4 Bd6 38. Ke3 Bc5 39. g5 Kd6 40. Bd8 Kd7 41. Bf6 Kc7 42. Kd2 Bc8 43. Nf3 Bd7 1/2-1/2

[Event "Belgrade Radnicki IM 01"]
[Site "Belgrade"]
[Date "2023.01.25"]
[Round "1"]
[White "Lundin, Jan"]
[Black "Popchev, Milko"]
[Result "1/2-1/2"]
[WhiteElo "2209"]
[BlackElo "2230"]
[PlyCount "28"]
[EventDate "2023.01.25"]
[EventType "tourn"]
[EventRounds "9"]
[EventCountry "SRB"]
[SourceTitle "CBM 212 Extra"]
[Source "ChessBase"]
[SourceDate "2023.03.31"]
[SourceVersion "1"]
[SourceVersionDate "2023.03.31"]
[SourceQuality "1"]

1. e4 c6 2. d4 d5 3. exd5 cxd5 4. Bd3 Nc6 5. c3 Nf6 6. Bf4 g6 7. Nf3 Bg7 8. h3 0-0 9. Nbd2 Bf5 10. Qe2 Bxd3 11. Qxd3 e6 12. 0-0 a6 13. a4 Rc8 14. Rfe1 Na5 1/2-1/2

[Event "Chigorin Memorial 29th"]
[Site "St Petersburg"]
[Date "2022.10.28"]
[Round "7"]
[White "Lundin, Jan"]
[Black "Efimov, Leonid"]
[Result "1-0"]
[WhiteElo "2199"]
[BlackElo "1984"]
[PlyCount "125"]
[EventDate "2022.10.22"]
[EventType "swiss"]
[EventRounds "9"]
[EventCountry "RUS"]
[SourceTitle "EXT 2024"]
[Source "ChessBase"]
[SourceDate "2023.10.10"]
[SourceVersion "1"]
[SourceVersionDate "2023.10.10"]
[SourceQuality "1"]

1. d4 d5 2. c4 e6 3. Nc3 c6 4. cxd5 exd5 5. Nf3 Bf5 6. Bf4 Nf6 7. e3 Be7 8. h3 Nbd7 9. Bd3 Bxd3 10. Qxd3 0-0 11. 0-0 Re8 12. Rab1 a5 13. Rfe1 Ne4 14. Nd2 Ndf6 15. f3 Nxd2 16. Qxd2 Nh5 17. Bh2 Bh4 18. Re2 Ng3 19. Bxg3 Bxg3 20. f4 Bh4 21. a3 Be7 22. Qd3 Bd6 23. Rf1 Qc7 24. Rc2 Qe7 25. Rf3 f6 26. g4 g6 27. Rg2 Rf8 28. h4 g5 29. Ne2 Rae8 30. Ng3 gxf4 31. exf4 Qc7 32. Qf5 Kh8 33. Kf1 c5 34. Rc2 Qb6 35. Qxd5 cxd4 36. Nf5 Rd8 37. Qxd4 Qxd4 38. Nxd4 Rfe8 39. Nb5 Bb8 40. Re2 Rd1+ 41. Kf2 Rxe2+ 42. Kxe2 Rb1 43. b3 Rb2+ 44. Kf1 Rh2 45. Rd3 Bxf4 46. Nd4 Rd2 47. Rxd2 Bxd2 48. Nf5 Bf4 49. Ke2 Kg8 50. Kf3 Bc7 51. Ke4 Kf7 52. h5 Ke6 53. Nd4+ Kd7 54. Kd5 Bd6 55. a4 b6 56. Nf5 Bc5 57. Ng3 Bd6 58. Ne4 Be7 59. Nd2 Bb4 60. Nc4 Bc5 61. Nxa5 Bg1 62. Nc4 Bc5 63. a5 1-0

[Event "Chigorin Memorial 29th"]
[Site "St Petersburg"]
[Date "2022.10.22"]
[Round "1"]
[White "Lundin, Jan"]
[Black "Balyan, Artur"]
[Result "1-0"]
[WhiteElo "2199"]
[BlackElo "1652"]
[PlyCount "35"]
[EventDate "2022.10.22"]
[EventType "swiss"]
[EventRounds "9"]
[EventCountry "RUS"]
[SourceTitle "EXT 2024"]
[Source "ChessBase"]
[SourceDate "2023.10.10"]
[SourceVersion "1"]
[SourceVersionDate "2023.10.10"]
[SourceQuality "1"]

1. d4 Nf6 2. Bg5 d5 3. Nd2 c5 4. e3 cxd4 5. exd4 Nc6 6. c3 Ne4 7. Nxe4 dxe4 8. d5 Nb8 9. Qa4+ Nd7 10. Qxe4 Qb6 11. 0-0-0 Nc5 12. Qb4 Bd7 13. Nf3 e6 14. dxe6 Nxe6 15. Qxb6 axb6 16. Bc4 Bc5 17. Rhe1 Ra4 18. Rxd7 1-0

[Event "BL2-Nord 2122"]
[Site "Germany"]
[Date "2022.07.03"]
[Round "10.5"]
[White "Lagunow, Alexander"]
[Black "Lundin, Jan"]
[Result "1/2-1/2"]
[WhiteElo "2372"]
[BlackElo "2197"]
[PlyCount "69"]
[EventDate "2022.03.05"]
[EventType "team-tourn"]
[EventRounds "10"]
[EventCountry "GER"]
[SourceTitle "EXT 2023"]
[Source "ChessBase"]
[SourceDate "2022.10.05"]
[SourceVersion "1"]
[SourceVersionDate "2022.10.05"]
[SourceQuality "1"]
[WhiteTeam "Zehlendorf"]
[BlackTeam "Berlin SF II"]
[WhiteTeamCountry "GER"]
[BlackTeamCountry "GER"]

1. e4 c6 2. d4 d5 3. exd5 cxd5 4. Bd3 Nc6 5. c3 Qc7 6. Ne2 Bg4 7. Na3 e6 8. Qb3 Nf6 9. Bf4 Qd7 10. Be5 Bh5 11. Nf4 Bg6 12. Nxg6 hxg6 13. h3 Be7 14. Nb1 0-0 15. Nd2 Bd6 16. f4 Nh5 17. 0-0 f6 18. Bxg6 fxe5 19. Bxh5 exd4 20. g3 dxc3 21. bxc3 g5 22. Bg4 Ne7 23. fxg5 Bxg3 24. Ne4 Be5 25. Nf6+ Bxf6 26. Rxf6 Rxf6 27. gxf6 Nf5 28. Bxf5 exf5 29. Kh1 Kf7 30. Rg1 Rg8 31. Qd1 Rxg1+ 32. Qxg1 Kxf6 33. Qxa7 Qb5 34. Qd4+ Kf7 35. a4 1/2-1/2

[Event "Novi Sad TS GM Mix 246"]
[Site "Novi Sad"]
[Date "2022.04.23"]
[Round "11"]
[White "Lundin, Jan"]
[Black "Nitish, Belurkar"]
[Result "0-1"]
[WhiteElo "2192"]
[BlackElo "2449"]
[PlyCount "52"]
[EventDate "2022.04.18"]
[EventType "tourn"]
[EventRounds "11"]
[EventCountry "SRB"]
[EventCategory "5"]
[SourceTitle "CBM 208 Extra"]
[Source "ChessBase"]
[SourceDate "2022.07.31"]
[SourceVersion "1"]
[SourceVersionDate "2022.07.31"]
[SourceQuality "1"]

1. d4 Nf6 2. c4 g6 3. Nc3 Bg7 4. e4 d6 5. Nf3 0-0 6. Be2 Na6 7. Bg5 h6 8. Be3 Ng4 9. Bd2 e5 10. d5 f5 11. h3 Nf6 12. exf5 gxf5 13. Qc1 f4 14. g3 e4 15. Nh4 e3 16. fxe3 fxg3 17. Ng6 Rf7 18. Qc2 Nb4 19. Qb1 g2 20. Rg1 Bxh3 21. a3 Nfxd5 22. cxd5 Bf5 23. e4 Bxg6 24. Kd1 Qh4 25. Be3 Bxc3 26. bxc3 Nxd5 0-1

[Event "Novi Sad TS GM Mix 246"]
[Site "Novi Sad"]
[Date "2022.04.22"]
[Round "8"]
[White "Savic, Miodrag R"]
[Black "Lundin, Jan"]
[Result "1/2-1/2"]
[WhiteElo "2425"]
[BlackElo "2192"]
[PlyCount "85"]
[EventDate "2022.04.18"]
[EventType "tourn"]
[EventRounds "11"]
[EventCountry "SRB"]
[EventCategory "5"]
[SourceTitle "CBM 208 Extra"]
[Source "ChessBase"]
[SourceDate "2022.07.31"]
[SourceVersion "1"]
[SourceVersionDate "2022.07.31"]
[SourceQuality "1"]

1. e4 c6 2. d4 d5 3. e5 Bf5 4. Nf3 e6 5. Be2 Nd7 6. 0-0 Bg6 7. b3 Nh6 8. c4 Be7 9. Nc3 0-0 10. Bd3 a6 11. cxd5 cxd5 12. Ne2 Qb6 13. Bxh6 gxh6 14. Qd2 Kg7 15. Nf4 Rac8 16. Rac1 Nb8 17. h4 Nc6 18. Bxg6 hxg6 19. Qd3 h5 20. Rfd1 Rc7 21. g3 Rfc8 22. Kg2 Nb4 23. Qb1 Rxc1 24. Rxc1 Rxc1 25. Qxc1 Nxa2 26. Qc8 Qc6 27. Qb8 Nc1 28. b4 Na2 29. Ng5 Bxg5 30. hxg5 Qd7 31. Nd3 Qe7 32. Nc5 Nxb4 33. Nxb7 Nc6 34. Qa8 Qf8 35. Qxa6 Nxd4 36. Nd6 Nf5 37. Qb6 Qa8 38. Qc7 d4+ 39. Kg1 Qa1+ 40. Kh2 Nxd6 41. exd6 Qf1 42. Qc2 Qb5 43. Qd2 1/2-1/2

[Event "Novi Sad TS GM Mix 246"]
[Site "Novi Sad"]
[Date "2022.04.21"]
[Round "6"]
[White "Atalik, Suat"]
[Black "Lundin, Jan"]
[Result "1-0"]
[WhiteElo "2474"]
[BlackElo "2192"]
[PlyCount "34"]
[EventDate "2022.04.18"]
[EventType "tourn"]
[EventRounds "11"]
[EventCountry "SRB"]
[EventCategory "5"]
[SourceTitle "CBM 208 Extra"]
[Source "ChessBase"]
[SourceDate "2022.07.31"]
[SourceVersion "1"]
[SourceVersionDate "2022.07.31"]
[SourceQuality "1"]

1. d4 Nf6 2. c4 c5 3. d5 g6 4. Nc3 Bg7 5. e4 d6 6. Nf3 0-0 7. h3 e6 8. Be3 Na6 9. dxe6 Bxe6 10. Be2 Qa5 11. 0-0 Bd7 12. Qxd6 Rad8 13. Bg5 Bc6 14. Qf4 Nh5 15. Qc1 Rde8 16. Nd2 f5 17. Nd5 fxe4 1-0

[Event "Novi Sad TS Mix 225th"]
[Site "Novi Sad"]
[Date "2021.11.22"]
[Round "1"]
[White "Sturt, Raven M"]
[Black "Lundin, Jan"]
[Result "1-0"]
[WhiteElo "2462"]
[BlackElo "2164"]
[PlyCount "79"]
[EventDate "2021.11.22"]
[EventType "swiss"]
[EventRounds "9"]
[EventCountry "SRB"]
[SourceTitle "CBM 205 Extra"]
[Source "ChessBase"]
[SourceDate "2022.01.31"]
[SourceVersion "1"]
[SourceVersionDate "2022.01.31"]
[SourceQuality "1"]

1. d4 Nf6 2. c4 c5 3. d5 g6 4. Nc3 Bg7 5. e4 d6 6. Bd3 0-0 7. h3 e6 8. Nf3 Nbd7 9. 0-0 e5 10. g4 a6 11. Qe2 Rb8 12. Be3 h5 13. Nd2 Re8 14. f3 Nh7 15. Kh2 Bf6 16. Rg1 Ndf8 17. a3 Bg5 18. b4 Bf4+ 19. Kg2 Qg5 20. Rae1 Nd7 21. Qf2 Qd8 22. Kh1 Kg7 23. Bf1 Rh8 24. Kg2 Ng5 25. Rh1 h4 26. Bxf4 exf4 27. bxc5 dxc5 28. e5 Re8 29. e6 fxe6 30. Qxh4 Qf6 31. Nd1 Ne5 32. Qf2 exd5 33. cxd5 b6 34. h4 Ngf7 35. Ne4 Qd8 36. Ndc3 Bb7 37. Qd2 Rh8 38. h5 b5 39. Nxc5 gxh5 40. Ne6+ 1-0

[Event "Chigorin Memorial 28th"]
[Site "St Petersburg"]
[Date "2021.10.31"]
[Round "9"]
[White "Lundin, Jan"]
[Black "Ibrahimli, Murad Sultanali"]
[Result "0-1"]
[WhiteElo "2164"]
[BlackElo "2435"]
[PlyCount "78"]
[EventDate "2021.10.23"]
[EventType "swiss"]
[EventRounds "9"]
[EventCountry "RUS"]
[SourceTitle "EXT 2023"]
[Source "ChessBase"]
[SourceDate "2022.10.05"]
[SourceVersion "1"]
[SourceVersionDate "2022.10.05"]
[SourceQuality "1"]

1. d4 Nf6 2. c4 e6 3. Nc3 Bb4 4. Bg5 h6 5. Bh4 c5 6. d5 b5 7. e4 e5 8. f3 d6 9. Bd3 bxc4 10. Bxc4 Nbd7 11. Nge2 Rb8 12. 0-0 Bxc3 13. bxc3 Qa5 14. Rb1 Rb6 15. Qd3 Nh5 16. Bb5 Ba6 17. c4 Bxb5 18. cxb5 Nf4 19. Nxf4 exf4 20. Be1 Qa4 21. Bc3 0-0 22. Rb2 Rfb8 23. Rfb1 f6 24. Qd2 g5 25. Qe2 Ne5 26. g3 Nc4 27. Bxf6 Nxb2 28. Rxb2 Rxb5 29. Rd2 Kf7 30. Bc3 Rb1+ 31. Kg2 Qb5 32. Rd3 c4 33. Rd2 Rc1 34. Bb2 c3 35. Bxc1 cxd2 36. Qxd2 Re8 37. e5 dxe5 38. Bb2 Qc4 39. Kh3 Qf1+ 0-1

[Event "Chigorin Memorial 28th"]
[Site "St Petersburg"]
[Date "2021.10.30"]
[Round "8"]
[White "Karmanova, Olga Dm"]
[Black "Lundin, Jan"]
[Result "0-1"]
[WhiteElo "2001"]
[BlackElo "2164"]
[PlyCount "66"]
[EventDate "2021.10.23"]
[EventType "swiss"]
[EventRounds "9"]
[EventCountry "RUS"]
[SourceTitle "EXT 2023"]
[Source "ChessBase"]
[SourceDate "2022.10.05"]
[SourceVersion "1"]
[SourceVersionDate "2022.10.05"]
[SourceQuality "1"]

1. d4 d5 2. c4 e6 3. Nf3 c5 4. cxd5 exd5 5. g3 Nc6 6. Bg2 Nf6 7. Nc3 Be7 8. 0-0 0-0 9. dxc5 d4 10. Na4 Bf5 11. Bg5 Be4 12. Ne1 Re8 13. Bxf6 Bxf6 14. Bxe4 Rxe4 15. Nd3 Qe7 16. Re1 Re8 17. Qb3 Qd7 18. Qc2 Qh3 19. f3 Re3 20. Nf4 Qd7 21. Rad1 d3 22. Rxd3 Nd4 23. Red1 Rxe2 24. c6 Nxf3+ 25. Rxf3 Qd4+ 26. Rxd4 Bxd4+ 27. Kf1 Rxc2 28. cxb7 g5 29. Nd5 g4 30. Ne7+ Kf8 31. Rb3 Rf2+ 32. Ke1 Rxe7+ 33. Kd1 Be5 0-1

[Event "Chigorin Memorial 28th"]
[Site "St Petersburg"]
[Date "2021.10.29"]
[Round "7"]
[White "Lundin, Jan"]
[Black "Yakimenko, Alexander A"]
[Result "1-0"]
[WhiteElo "2164"]
[BlackElo "2059"]
[PlyCount "91"]
[EventDate "2021.10.23"]
[EventType "swiss"]
[EventRounds "9"]
[EventCountry "RUS"]
[SourceTitle "EXT 2023"]
[Source "ChessBase"]
[SourceDate "2022.10.05"]
[SourceVersion "1"]
[SourceVersionDate "2022.10.05"]
[SourceQuality "1"]

1. d4 e6 2. e4 d5 3. Nc3 Bb4 4. a3 Bxc3+ 5. bxc3 dxe4 6. Qg4 Nf6 7. Qxg7 Rg8 8. Qh6 b6 9. Bb2 Ba6 10. c4 Nbd7 11. 0-0-0 Qe7 12. f3 0-0-0 13. Qe3 c5 14. Nh3 cxd4 15. Qxd4 Bb7 16. f4 Ng4 17. Be2 Nc5 18. Qc3 h6 19. Bxg4 Rxg4 20. Rxd8+ Qxd8 21. Rd1 Qe8 22. g3 Na4 23. Qe5 Nxb2 24. Kxb2 e3 25. Qxe3 Qc6 26. Nf2 Rg8 27. Qd4 Kb8 28. Nd3 Qe4 29. Ne5 Rc8 30. Qxe4 Bxe4 31. Nxf7 Rxc4 32. Rd2 h5 33. Nd6 Ra4 34. Nxe4 Rxe4 35. Rd8+ Kc7 36. Rh8 e5 37. f5 Re2 38. Rxh5 Rf2 39. a4 e4 40. Kc3 e3 41. Kd3 e2 42. Kd2 Kd6 43. Rh6+ Kd5 44. Re6 e1Q+ 45. Kxe1 Rxh2 46. Re2 1-0

[Event "Chigorin Memorial 28th"]
[Site "St Petersburg"]
[Date "2021.10.26"]
[Round "4"]
[White "Danilova, Rada"]
[Black "Lundin, Jan"]
[Result "0-1"]
[WhiteElo "2032"]
[BlackElo "2164"]
[PlyCount "53"]
[EventDate "2021.10.23"]
[EventType "swiss"]
[EventRounds "9"]
[EventCountry "RUS"]
[SourceTitle "EXT 2023"]
[Source "ChessBase"]
[SourceDate "2022.10.05"]
[SourceVersion "1"]
[SourceVersionDate "2022.10.05"]
[SourceQuality "1"]

1. d4 Nf6 2. c4 c5 3. d5 g6 4. Nc3 Bg7 5. a4 0-0 6. e4 d6 7. Nge2 e6 8. Ng3 exd5 9. cxd5 Re8 10. Be2 h5 11. Bg5 Qb6 12. Qd2 Nh7 13. h4 Nd7 14. Bf4 Ne5 15. a5 Qd8 16. Ra3 Bf6 17. Nd1 Bxh4 18. Nxh5 gxh5 19. g3 Bf6 20. Rxh5 Ng6 21. Qe3 Bd4 22. Qf3 Nf6 23. Rg5 Nxe4 24. Qh5 Nxg5 25. Bxg5 Rxe2+ 26. Kxe2 Qe8+ 27. Kf1 0-1

[Event "Chigorin Memorial 28th"]
[Site "St Petersburg"]
[Date "2021.10.25"]
[Round "3"]
[White "Lundin, Jan"]
[Black "Shubin, Kirill"]
[Result "0-1"]
[WhiteElo "2164"]
[BlackElo "2463"]
[PlyCount "84"]
[EventDate "2021.10.23"]
[EventType "swiss"]
[EventRounds "9"]
[EventCountry "RUS"]
[SourceTitle "EXT 2023"]
[Source "ChessBase"]
[SourceDate "2022.10.05"]
[SourceVersion "1"]
[SourceVersionDate "2022.10.05"]
[SourceQuality "1"]

1. d4 e6 2. c4 Nf6 3. Nc3 Bb4 4. Bg5 c5 5. d5 d6 6. Nf3 h6 7. Bh4 g5 8. Bg3 e5 9. Nd2 Nbd7 10. e3 Bxc3 11. bxc3 Qa5 12. Qc2 Nb6 13. h4 Rg8 14. hxg5 hxg5 15. Rb1 Qa4 16. Rb3 Qd7 17. Bd3 Qe7 18. Qb1 Bd7 19. Ra3 Kf8 20. f3 Kg7 21. Ke2 Qe8 22. Bf5 Qc8 23. Bxd7 Qxd7 24. e4 Kg6 25. Qb5 Nh5 26. Bf2 Nf4+ 27. Kf1 Qc8 28. g3 Nh5 29. Kg2 Rh8 30. Nf1 g4 31. Rh4 Nf6 32. Ne3 gxf3+ 33. Kxf3 Rxh4 34. Nf5 Kh7 35. gxh4 Qg8 36. Ne3 Qg6 37. Qb1 Qh5+ 38. Kg2 Qe2 39. Qe1 Rg8+ 40. Kh2 Qf3 41. Bg1 Qf4+ 42. Kh3 Nxe4 0-1